Managing special and inclusive education (Record no. 1158905)

MARC details
000 -LEADER
fixed length control field 01163nam a2200301Ia 4500
001 - CONTROL NUMBER
control field vtls001748813
003 - CONTROL NUMBER IDENTIFIER
control field NLI
005 - DATE AND TIME OF LATEST TRANSACTION
control field 20210628161701.0
008 - FIXED-LENGTH DATA ELEMENTS--GENERAL INFORMATION
fixed length control field 130611s2007 cau s 001 0 eng
020 ## - INTERNATIONAL STANDARD BOOK NUMBER
International Standard Book Number 9781446213032 (ebook)
039 #9 - LEVEL OF BIBLIOGRAPHIC CONTROL AND CODING DETAIL [OBSOLETE]
Level of rules in bibliographic description 201306251546
Level of effort used to assign nonsubject heading access points gopag
-- 201306112137
-- gopag
041 0# - LANGUAGE CODE
Language code of text/sound track or separate title eng
044 ## - COUNTRY OF PUBLISHING/PRODUCING ENTITY CODE
MARC country code cau
100 1# - MAIN ENTRY--PERSONAL NAME
Personal name Rayner, Stephen.
9 (RLIN) 1127068
245 10 - TITLE STATEMENT
Title Managing special and inclusive education
Medium [electronic resource] /
Statement of responsibility, etc. Steve Rayner.
260 ## - PUBLICATION, DISTRIBUTION, ETC.
Place of publication, distribution, etc. Los Angeles, [Calif.] ;
-- London :
Name of publisher, distributor, etc. SAGE,
Date of publication, distribution, etc. 2007.
300 ## - PHYSICAL DESCRIPTION
Extent 1 online resource (224 p.)
504 ## - BIBLIOGRAPHY, ETC. NOTE
Bibliography, etc. note Includes bibliographical references and index.
650 #0 - SUBJECT ADDED ENTRY--TOPICAL TERM
Topical term or geographic name entry element Inclusive education
Geographic subdivision Great Britain.
9 (RLIN) 1077937
650 #0 - SUBJECT ADDED ENTRY--TOPICAL TERM
Topical term or geographic name entry element School management and organization
Geographic subdivision Great Britain.
9 (RLIN) 1124778
650 #0 - SUBJECT ADDED ENTRY--TOPICAL TERM
Topical term or geographic name entry element Special education
Geographic subdivision Great Britain.
9 (RLIN) 718981
856 40 - ELECTRONIC LOCATION AND ACCESS
Uniform Resource Identifier <a href="http://knowledge.sagepub.com/view/managing-special-and-inclusive-education/SAGE.xml">http://knowledge.sagepub.com/view/managing-special-and-inclusive-education/SAGE.xml</a>
887 ## - NON-MARC INFORMATION FIELD
Content of non-MARC field Gopa
905 ## - LOCAL DATA ELEMENT E, LDE (RLIN)
a Gopa
949 ## - LOCAL PROCESSING INFORMATION (OCLC)
-- VIRTUAITEM
-- 10000
-- 206
6 EBK000007437ENG
e EBK7437
942 ## - ADDED ENTRY ELEMENTS (KOHA)
Source of classification or shelving scheme Dewey Decimal Classification
Koha item type Books
Holdings
Withdrawn status Lost status Damaged status Not for loan Home library Current library Date acquired Total Checkouts Barcode Date last seen Price effective from Koha item type
        National Library of India National Library of India     EBK000007437ENG 28/06/2021 28/06/2021 Books
                                                                           
web counter

Copyright ©2020 The National Library of India, Govt. of India ↔ Hosted by NVLI, MOC ↔ Technology and Design by National Library of India, Ministry of Culture, Govt. of India